| 000 | 00669nam a2200217 a 4500 | ||
|---|---|---|---|
| 001 | 3046 | ||
| 003 | CDMR | ||
| 005 | 20151026134202.0 | ||
| 008 | 130130s1987||||||||||||||||||||||||||||d | ||
| 020 | _a8430774297 | ||
| 040 |
_aCDMR _bcat _cCDMR |
||
| 100 | 1 |
_aCasasús, Josep Maria _9799 |
|
| 245 | 1 | 0 |
_aIniciación a la periodística _b: manual de comunicación escrita y redacción periodística informativa _cJosep M. Casasús Guri |
| 260 |
_c1988 _bTeide |
||
| 300 | _a161 p. | ||
| 490 | 0 |
_aCiencias Sociales _v9 |
|
| 650 | 0 | 4 |
_93504 _aComunicació escrita |
| 650 | 0 | 4 |
_9637 _aComunicació _xEnsenyament |
| 650 | 0 | 4 |
_93772 _aPeriodisme--Manuals d'estil |
| 942 |
_cMON _2udc |
||
| 999 |
_c3046 _d3046 |
||